[Event ""]
[White "cebravo"]
[Black "nrapetti"]
[Date "2017.03.04"]
[Result "1-0"]
[WhiteElo "1950"]
[BlackElo "1655"]

1. c2-c4 c7-c5 2. g2-g3 e7-e5 3. Bf1-g2 Nb8-c6 4. d2-d3 d7-d6 5. Nb1-c3 Ng8-f6 6. Ng1-f3 h7-h6 7. O-O Bf8-e7 8. a2-a3 a7-a6 9. Ra1-b1 O-O 10. b2-b4 Qd8-c7 11. Bc1-d2 Bc8-e6 12. b4-b5 a6xb5 13. Nc3xb5 Qc7-d7 14. e2-e3 d6-d5 15. Qd1-c2 e5-e4 16. Nf3-e1 Nc6-e5 17. c4xd5 Be6xd5 18. f2-f4 e4xd3 19. Ne1xd3 Bd5xg2 20. Nd3xe5 Bg2-e4 21. Ne5xd7 Be4xc2 22. Nd7xf8 Bc2xb1 23. Rf1xb1 Kg8xf8 24. Nb5-c3 Ra8xa3 25. Rb1xb7 Ra3-a8 26. Kg1-g2 g7-g6 27. Kg2-f3 h6-h5 28. e3-e4 Ra8-d8 29. Kf3-e2 Rd8-d7 30. Rb7-b8 Kf8-g7 31. Rb8-c8 Nf6-g4 32. h2-h3 Ng4-f6 33. Ke2-e3 Rd7-d8 34. Rc8xd8 Be7xd8 35. Nc3-d5 Nf6xd5 36. e4xd5 f7-f5 37. Ke3-d3 Kg7-f6 38. Kd3-c4 Bd8-b6 39. Bd2-c3 Kf6-e7 40. Kc4-b5 Bb6-a7 41. Kb5-c6 Ke7-e8 42. d5-d6 c5-c4 43. d6-d7 Ke8-e7 44. Bc3-f6 Ke7xf6 45. d7-d8=Q  1-0

[Event "Suizo"]
[White "jcferrer"]
[Black "mserrano"]
[Date "2017.03.04"]
[Result "1-0"]
[WhiteElo "1602"]
[BlackElo "1570"]

1. e2-e4 e7-e5 2. Ng1-f3 d7-d6 3. Bf1-b5 c7-c6 4. Bb5-a4 Ng8-f6 5. d2-d3 b7-b5 6. Ba4-b3 d6-d5 7. e4xd5 c6xd5 8. Nf3xe5 Qd8-e7 9. O-O Qe7xe5 10. Rf1-e1 Nf6-e4 11. Nb1-c3 Qe5-d6 12. Bb3xd5 Bf8-e7 13. Bd5xe4 Nb8-c6 14. Nc3-d5 O-O 15. Nd5xe7 Nc6xe7 16. Be4xa8 Bc8-e6 17. Ba8-e4 f7-f5 18. Be4-f3 Be6-d5 19. Bf3xd5 Ne7xd5 20. Bc1-e3 a7-a6 21. Qd1-d2 g7-g6 22. Be3-h6 Rf8-f7 23. Re1-e8 Rf7-f8 24. Bh6xf8 Qd6xf8 25. Re8xf8 Kg8xf8 26. Ra1-e1 Kf8-g7 27. Qd2-a5 Nd5-c7 28. Qa5xc7 Kg7-h6 29. Qc7-f4 g6-g5 30. Qf4-d6 Kh6-h5 31. Qd6xa6 f5-f4 32. Qa6xb5 Kh5-h4 33. g2-g3 Kh4-g4 34. g3xf4 g5xf4 35. Re1-e4 Kg4-f3 36. Qb5-h5  1-0

[Event "Suizo"]
[White "basoto"]
[Black "maperezi"]
[Date "2017.03.04"]
[Result "1-0"]
[WhiteElo "1627"]
[BlackElo "1543"]

1. e2-e4 e7-e5 2. Ng1-f3 Nb8-c6 3. Bf1-c4 Ng8-f6 4. Nf3-g5 Qd8-e7 5. Ng5xf7 Rh8-g8 6. Nf7-g5 Rg8-h8 7. d2-d3 h7-h6 8. Ng5-f3 a7-a6 9. O-O b7-b5 10. Bc4-b3 Nc6-a5 11. Bb3-d5 Nf6xd5 12. e4xd5 Bc8-b7 13. Bc1-d2 Bb7xd5 14. Bd2xa5 Bd5xf3 15. Qd1xf3 O-O-O 16. Qf3-a8  1-0

[Event "Suizo"]
[White "jyanguas"]
[Black "nrapetti"]
[Date "2017.03.04"]
[Result "0-1"]
[WhiteElo "1637"]
[BlackElo "1658"]

1. e2-e4 e7-e5 2. Ng1-f3 d7-d6 3. Bf1-c4 Bc8-g4 4. O-O Ng8-f6 5. h2-h3 Bg4-h5 6. Nb1-c3 h7-h6 7. Rf1-e1 Bf8-e7 8. Re1-e3 O-O 9. d2-d4 e5xd4 10. Qd1xd4 Nb8-c6 11. Qd4-d2 Nc6-e5 12. Nf3xe5 d6xe5 13. Nc3-d5 Be7-c5 14. Nd5xf6 Qd8xf6 15. Re3-g3 Ra8-d8 16. Qd2-e1 Rd8-d1 17. Bc1-e3 Rd1xe1 18. Ra1xe1 Bc5xe3 19. Re1xe3 Bh5-g6 20. Re3-f3 Qf6-c6 21. Bc4-d5 Qc6-d6 22. c2-c4 c7-c6 23. c4-c5 Qd6xc5 24. Bd5-b3 Bg6xe4 25. Rf3-e3 Be4-d5 26. Re3xe5 Qc5-c1 27. Kg1-h2 Bd5xb3 28. Rg3xb3 Qc1-f4  0-1

[Event "Suizo"]
[White "vpenaa"]
[Black "smberczely"]
[Date "2017.03.04"]
[Result "0-1"]
[WhiteElo "1584"]
[BlackElo "1774"]

1. e2-e4 c7-c5 2. Bf1-c4 Nb8-c6 3. c2-c3 e7-e6 4. d2-d3 Ng8-f6 5. h2-h3 h7-h6 6. a2-a3 Bf8-e7 7. b2-b4 a7-a6 8. b4xc5 Be7xc5 9. d3-d4 Bc5-a7 10. e4-e5 Nf6-e4 11. Ng1-f3 d7-d5 12. Bc4-d3 O-O 13. Qd1-e2 Qd8-a5 14. Bd3xe4 d5xe4 15. Qe2xe4 Nc6-e7 16. Qe4-g4 Ne7-g6 17. Nf3-h4 Ng6xe5 18. d4xe5 Qa5xe5 19. Bc1-e3 Ba7xe3 20. Qg4-e2 Bc8-d7 21. f2xe3 Bd7-b5 22. Qe2-f2 Ra8-d8 23. Nh4-f3 Qe5-d5 24. Nb1-d2 Qd5-d3 25. Ra1-c1 Qd3-d6 26. c3-c4 Qd6xa3 27. O-O Bb5-c6 28. Rc1-a1 Qa3-b2 29. Ra1-b1 Qb2-f6 30. Qf2-g3 Qf6-c3 31. Rb1-c1 Qc3-b2 32. e3-e4 f7-f5 33. e4xf5 Rf8xf5 34. Rc1-b1 Qb2-a2 35. Nf3-d4 Rf5xf1 36. Rb1xf1 Qa2xd2 37. Nd4xc6 b7xc6 38. Qg3-f3 Qd2-d4 39. Kg1-h1 Qd4xc4 40. Qf3-f7 Kg8-h8 41. Qf7-g6 e6-e5 42. Rf1-f7 Rd8-g8 43. Qg6-f5 e5-e4 44. Rf7-e7 e4-e3 45. Re7xe3 Qc4-d5 46. Qf5-f2 Rg8-d8 47. Qf2-c2 Rd8-a8 48. Re3-c3 a6-a5 49. Rc3xc6 a5-a4 50. Rc6-c5 Qd5-b3 51. Qc2-c1 a4-a3 52. Rc5-c3 Qb3-b2 53. Rc3-c2 Qb2xc1 54. Rc2xc1 a3-a2 55. Rc1-a1 g7-g5 56. Kh1-h2 Kh8-g7 57. Kh2-g3 Kg7-f6 58. Kg3-f3 Kf6-e5 59. Kf3-e3 Ke5-f5 60. Ke3-f3 Kf5-e5 61. g2-g3 Ra8-a3 62. Kf3-f2 Ke5-e4 63. Ra1-e1 Ke4-f5 64. Kf2-g2 a2-a1=Q 65. Re1xa1 Ra3xa1 66. Kg2-f3 Ra1-a3 67. Kf3-g2 Kf5-e4 68. Kg2-f2 Ra3-a2 69. Kf2-g1 Ke4-f3 70. Kg1-h1 Kf3xg3 71. Kh1-g1 Ra2-a1  0-1

[Event "Suizo"]
[White "arodriguez"]
[Black "JLMOYA"]
[Date "2017.03.04"]
[Result "1-0"]
[WhiteElo "1888"]
[BlackElo "1775"]

1. d2-d4 d7-d5 2. c2-c4 c7-c6 3. Nb1-c3 Ng8-f6 4. e2-e3 Bc8-f5 5. Ng1-f3 e7-e6 6. c4xd5 e6xd5 7. Bf1-d3 Qd8-d7 8. O-O Bf8-d6 9. Qd1-c2 Bf5xd3 10. Qc2xd3 O-O 11. Rf1-e1 Rf8-e8 12. e3-e4 d5xe4 13. Nc3xe4 Nf6xe4 14. Re1xe4 Nb8-a6 15. a2-a3 Na6-c7 16. Bc1-d2 Nc7-d5 17. Ra1-e1 Nd5-f6 18. Re4-e2 h7-h6 19. Qd3-b3 b7-b6 20. Nf3-e5 Bd6xe5 21. d4xe5 Nf6-d5 22. Qb3-g3 Kg8-h7 23. Re2-e4 Re8-e6 24. f2-f4 Re6-g6 25. Qg3-f3 Qd7-f5 26. h2-h3 h6-h5 27. Re1-c1 Ra8-c8 28. Re4-c4 Qf5-d7 29. Qf3xh5 Rg6-h6 30. Qh5-e2 Rh6-g6 31. g2-g4 Rg6-h6 32. Kg1-g2 c6-c5 33. b2-b4 Qd7-b7 34. Kg2-h2 Rh6-c6 35. Qe2-e4 Kh7-g8 36. Qe4xd5  1-0

[Event "Suizo"]
[White "dfunes"]
[Black "cebravo"]
[Date "2017.03.04"]
[Result "0-1"]
[WhiteElo "1685"]
[BlackElo "1947"]

1. e2-e4 c7-c5 2. Ng1-f3 e7-e6 3. Bf1-c4 Nb8-c6 4. c2-c3 d7-d5 5. e4xd5 e6xd5 6. Qd1-e2 Bf8-e7 7. Bc4-b5 Ng8-f6 8. O-O O-O 9. Bb5xc6 b7xc6 10. d2-d3 Rf8-e8 11. Qe2-d1 Be7-d6 12. Bc1-g5 h7-h6 13. Bg5-h4 Bc8-f5 14. Bh4-g3 Ra8-b8 15. b2-b3 Bd6xg3 16. f2xg3 Qd8-b6 17. Kg1-h1 Re8-e3 18. d3-d4 Bf5xb1 19. Ra1xb1 Nf6-e4 20. Qd1-c2 Re3xc3 21. Qc2-e2 c5xd4 22. Nf3-e5 Qb6-c7 23. Ne5xf7 Rb8-f8 24. Nf7xh6 g7xh6 25. Qe2-g4 Ne4-g5 26. Rf1xf8 Kg8xf8 27. Rb1-f1 Kf8-g8 28. Qg4xd4 Ng5-e4 29. Qd4-d1 Qc7-d7 30. Qd1-h5 Kg8-g7 31. Qh5-e5 Kg7-h7 32. Qe5-f4 Ne4-g5 33. h2-h4 Ng5-e4 34. Rf1-e1 Ne4xg3 35. Kh1-h2 Ng3-e4 36. Re1-d1 Qd7-d6 37. Qf4xd6 Ne4xd6 38. Rd1-d2 Nd6-e4 39. Rd2-e2 h6-h5 40. Kh2-g1 Kh7-g6 41. b3-b4 Kg6-f5 42. Re2-b2 d5-d4 43. b4-b5 Rc3-c1 44. Kg1-h2 d4-d3 45. b5-b6 a7xb6  0-1

[Event "Suizo"]
[White "oiglesias"]
[Black "jmartinezga"]
[Date "2017.03.04"]
[Result "1-0"]
[WhiteElo "1850"]
[BlackElo "1826"]

1. c2-c4 c7-c5 2. Nb1-c3 Nb8-c6 3. e2-e3 d7-d6 4. Bf1-e2 e7-e6 5. Ng1-f3 Ng8-f6 6. O-O Bf8-e7 7. d2-d4 c5xd4 8. e3xd4 O-O 9. d4-d5 e6xd5 10. c4xd5 Nc6-e5 11. Nf3xe5 d6xe5 12. a2-a3 a7-a6 13. Be2-c4 b7-b5 14. Bc4-a2 Bc8-b7 15. Bc1-g5 Ra8-c8 16. Bg5xf6 Be7xf6 17. Nc3-e4 Qd8-b6 18. Ne4xf6 Qb6xf6 19. d5-d6 Rf8-d8 20. d6-d7 Rc8-c7 21. Qd1-g4 Rc7xd7 22. Rf1-e1 Rd7-d2 23. Qg4-g3 e5-e4 24. Ba2-b1 Rd2xb2 25. Bb1xe4 Bb7xe4 26. Re1xe4 Rb2-b3 27. Ra1-e1 Qf6-c6 28. Qg3xb3 g7-g6 29. Qb3-e3 a6-a5 30. h2-h3 Qc6-d7 31. Re4-e8 Rd8xe8 32. Qe3xe8 Qd7xe8 33. Re1xe8 Kg8-g7 34. Re8-b8  1-0

[Event "Suizo"]
[White "nrapetti"]
[Black "jcferrer"]
[Date "2017.03.04"]
[Result "1-0"]
[WhiteElo "1647"]
[BlackElo "1593"]

1. e2-e4 e7-e5 2. Ng1-f3 Nb8-c6 3. Bf1-c4 Bf8-c5 4. Nf3-g5 Qd8xg5 5. Qd1-f3 Qg5-e7 6. Nb1-c3 Nc6-d4 7. Qf3-d3 c7-c6 8. Nc3-e2 Nd4xe2 9. Qd3xe2 Ng8-f6 10. d2-d3 O-O 11. O-O d7-d6 12. a2-a3 Nf6-g4 13. h2-h3 Ng4-f6 14. Bc1-g5 h7-h6 15. Bg5-h4 g7-g5 16. Bh4-g3 d6-d5 17. Bc4-b3 Bc5-b6 18. e4xd5 Nf6xd5 19. Bb3xd5 c6xd5 20. Qe2xe5 Qe7xe5 21. Bg3xe5 Bc8-e6 22. Rf1-e1 d5-d4 23. f2-f4 f7-f6 24. Be5-d6 Rf8-d8 25. Re1xe6 Rd8xd6 26. Re6xd6 Bb6-c7 27. Rd6xf6 Bc7xf4 28. Rf6xh6 Ra8-e8 29. Kg1-f2 Re8-f8 30. Kf2-e2 Bf4-e3 31. Ra1-f1 Rf8-e8 32. Ke2-d1 g5-g4 33. Rh6-g6 Kg8-h7 34. Rg6xg4 Kh7-h6 35. Rg4-e4 Re8-g8 36. g2-g4 Kh6-g5 37. Rf1-f5 Kg5-h4 38. Rf5-h5 Kh4-g3 39. Kd1-e2 Rg8-f8 40. Re4xe3 d4xe3 41. Ke2xe3 Rf8-f3 42. Ke3-d4 Rf3-f2 43. Kd4-c3 Rf2-f4 44. Rh5-h7 Rf4-f6 45. g4-g5 Rf6-c6 46. Kc3-d2 Rc6-b6 47. b2-b3 Kg3-f4 48. h3-h4 Kf4-f5 49. Rh7-f7 Kf5-g6 50. Rf7-e7 Kg6-h5 51. Re7-e4 Rb6-d6 52. c2-c4 Rd6-a6 53. a3-a4 Ra6-b6 54. Kd2-c3 a7-a5 55. d3-d4 Rb6-d6 56. c4-c5 Rd6-d5 57. Kc3-c4 Rd5-f5 58. d4-d5 Kh5-g6 59. d5-d6 Rf5-f7 60. Re4-e7 Rf7-f4 61. Kc4-b5 Rf4xh4 62. d6-d7 Rh4-d4 63. Re7-e6 Kg6xg5 64. Re6-d6 Rd4-b4 65. Kb5xa5  1-0

[Event "Suizo"]
[White "vpenaa"]
[Black "wvelandia"]
[Date "2017.03.04"]
[Result "1-0"]
[WhiteElo "1590"]
[BlackElo "1565"]

1. d2-d4 Ng8-f6 2. Bc1-f4 d7-d5 3. e2-e3 Bc8-f5 4. Nb1-c3 a7-a6 5. h2-h3 e7-e6 6. a2-a3 Nb8-c6 7. Bf1-d3 Bf5-e4 8. f2-f3 Be4xd3 9. Qd1xd3 Bf8-d6 10. Ng1-e2 O-O 11. h3-h4 b7-b5 12. h4-h5 Bd6xf4 13. Ne2xf4 h7-h6 14. g2-g4 b5-b4 15. Nc3-e2 Qd8-d6 16. Rh1-g1 Nc6-a5 17. g4-g5 h6xg5 18. Rg1xg5 Nf6-h7 19. Rg5-g1 e6-e5 20. d4xe5 Qd6xe5 21. Ne2-d4 c7-c5 22. Nd4-f5 Qe5xb2 23. Ra1-d1 c5-c4 24. Qd3xd5 Qb2-c3 25. Ke1-f1 Nh7-f6 26. Qd5xa5 Qc3xc2 27. Rd1-e1 b4xa3 28. Rg1xg7 Kg8-h8 29. Rg7-g2 Qc2-b3 30. Nf5-h6 c4-c3 31. Qa5-g5 Qb3-c4 32. Re1-e2  1-0

[Event "Suizo"]
[White "maperezi"]
[Black "oiglesias"]
[Date "2017.03.04"]
[Result "0-1"]
[WhiteElo "1552"]
[BlackElo "1840"]

1. e2-e4 e7-e6 2. d2-d4 d7-d5 3. e4-e5 Bf8-e7 4. Nb1-c3 a7-a6 5. Ng1-f3 c7-c5 6. Bf1-d3 c5xd4 7. Nf3xd4 Nb8-c6 8. Nd4xc6 b7xc6 9. O-O Bc8-d7 10. h2-h3 h7-h6 11. Rf1-e1 a6-a5 12. Bc1-e3 a5-a4 13. a2-a3 Qd8-b8 14. Ra1-b1 Qb8xe5 15. Be3-c5 Qe5-c7 16. Bc5xe7 Ng8xe7 17. b2-b3 a4xb3 18. Rb1xb3 O-O 19. a3-a4 c6-c5 20. Rb3-a3 c5-c4 21. Bd3-e2 Qc7-d6 22. Ra3-a1 Qd6-b4 23. Qd1-d4 Ne7-c6 24. Qd4-d2 Rf8-d8 25. Re1-b1 Qb4-d6 26. Nc3-b5 Qd6-c5 27. Nb5-c7 c4-c3 28. Qd2-d3 Ra8-c8 29. Nc7-b5 Nc6-e5 30. Qd3-e3 Qc5xe3 31. f2xe3 Bd7xb5 32. a4xb5 Ne5-c4 33. Be2xc4 Rc8xc4 34. b5-b6 Rd8-b8 35. b6-b7 Rc4-c7 36. Ra1-a8 Rc7xb7 37. Rb1xb7 Rb8xa8 38. Rb7-c7 Ra8-a3 39. Rc7-c8 Kg8-h7 40. Kg1-f2 Kh7-g6 41. Kf2-e2 Kg6-f6 42. Ke2-d3 g7-g6 43. Rc8xc3 Ra3xc3 44. Kd3xc3 Kf6-e5 45. Kc3-d3 f7-f5 46. c2-c3 g6-g5 47. Kd3-e2 Ke5-e4 48. g2-g3 h6-h5 49. Ke2-d2 e6-e5 50. Kd2-e2 h5-h4 51. g3xh4 g5xh4 52. Ke2-d2 Ke4-f3 53. Kd2-d3 Kf3-g3 54. c3-c4 d5xc4 55. Kd3xc4 Kg3xh3 56. Kc4-d5 e5-e4 57. Kd5-e5 Kh3-g4 58. Ke5-d4 h4-h3 59. Kd4-e5 h3-h2 60. Ke5-d4 h2-h1=Q 61. Kd4-e5 Qh1-d1 62. Ke5-f6 Qd1-d3 63. Kf6-e5 Qd3xe3 64. Ke5-f6 Qe3-d4 65. Kf6-g6 Qd4-d6 66. Kg6-f7 Kg4-g5 67. Kf7-g7 Qd6-f6 68. Kg7-h7 Qf6-e7 69. Kh7-g8 Kg5-g6 70. Kg8-h8 Qe7-g7  0-1

[Event "Suizo"]
[White "smberczely"]
[Black "jyanguas"]
[Date "2017.03.04"]
[Result "1-0"]
[WhiteElo "1768"]
[BlackElo "1648"]

1. Ng1-f3 d7-d5 2. e2-e4 d5xe4 3. Nf3-g5 Ng8-f6 4. d2-d3 e4xd3 5. Bf1xd3 Bc8-g4 6. f2-f3 Bg4-d7 7. O-O h7-h6 8. Ng5xf7 Ke8xf7 9. Bd3-c4 e7-e6 10. Rf1-e1 Bf8-c5 11. Kg1-h1 Rh8-e8 12. Nb1-c3 c7-c6 13. Nc3-e4 Nf6xe4 14. Re1xe4 b7-b5 15. Bc4-b3 a7-a5 16. a2-a3 a5-a4 17. Bb3-a2 Nb8-a6 18. Qd1-e1 Na6-c7 19. Qe1-g3 Nc7-d5 20. b2-b4 Qd8-f6 21. Ra1-b1 Bc5-e7 22. Bc1-b2 Qf6-g6 23. Re4-g4 Be7-g5 24. f3-f4 e6-e5 25. f4xg5 Bd7xg4 26. Qg3xg4 Qg6xg5 27. Qg4-d7 Qg5-e7 28. Ba2xd5 c6xd5 29. Qd7xd5 Qe7-e6 30. Rb1-f1 Kf7-g8 31. Qd5xb5 Re8-f8 32. Rf1-e1 Qe6-f5 33. Qb5-e2 Ra8-c8 34. c2-c4 Rc8xc4 35. Qe2xc4 Kg8-h8 36. h2-h3 Rf8-c8 37. Qc4-d5 Qf5-f2 38. Qd5xe5 Rc8-c2 39. Qe5xg7  1-0

[Event "Suizo"]
[White "cebravo"]
[Black "basoto"]
[Date "2017.03.04"]
[Result "1-0"]
[WhiteElo "1944"]
[BlackElo "1617"]

1. g2-g3 e7-e5 2. Bf1-g2 d7-d5 3. c2-c4 c7-c6 4. c4xd5 c6xd5 5. d2-d4 e5xd4 6. Ng1-f3 Nb8-c6 7. Nf3xd4 Ng8-f6 8. O-O Bf8-c5 9. Nd4xc6 b7xc6 10. Qd1-c2 Qd8-e7 11. b2-b4 Bc5xb4 12. Qc2xc6 Qe7-d7 13. Qc6xa8 Bb4-c3 14. Nb1xc3 O-O 15. Nc3xd5 Bc8-b7 16. Nd5xf6 g7xf6 17. Qa8xb7 Qd7xb7 18. Bg2xb7  1-0

[Event "Suizo"]
[White "dfunes"]
[Black "JLMOYA"]
[Date "2017.03.04"]
[Result "1-0"]
[WhiteElo "1689"]
[BlackElo "1783"]

1. e2-e4 e7-e6 2. d2-d4 d7-d5 3. e4-e5 c7-c5 4. c2-c3 Nb8-c6 5. Ng1-f3 Qd8-b6 6. a2-a3 a7-a5 7. b2-b4 a5xb4 8. c3xb4 c5xd4 9. b4-b5 Nc6-a5 10. Nf3xd4 Bc8-d7 11. a3-a4 Na5-c4 12. Bf1xc4 d5xc4 13. O-O Bf8-c5 14. Bc1-e3 Ng8-e7 15. Nb1-c3 Ne7-d5 16. Nc3-e4 Nd5xe3 17. f2xe3 O-O 18. Qd1-g4 Kg8-h8 19. Ne4-g5 h7-h6 20. Qg4-h5 Kh8-g8 21. Ng5xf7 Bc5xd4 22. Nf7xh6 g7xh6 23. Qh5-g4 Kg8-h8 24. e3xd4 Rf8-g8 25. Qg4-h4 Rg8-g6 26. Rf1-f3 Ra8-g8 27. Ra1-f1 Qb6-d8 28. Qh4xd8 Rg8xd8 29. Rf3-f8 Rd8xf8 30. Rf1xf8 Kh8-h7 31. Rf8-d8 Rg6-g7 32. Kg1-f2 c4-c3 33. Kf2-e3 c3-c2 34. Ke3-d2 Rg7xg2 35. Kd2-c1 Rg2-g7 36. Kc1xc2 Kh7-g6 37. Kc2-c3 Kg6-f5 38. Kc3-c4 Rg7-e7 39. Kc4-c5 Bd7-e8 40. Kc5-d6 Re7-g7 41. Rd8xe8 Rg7-g4 42. Kd6-c5 Rg4-h4 43. Re8-e7 Rh4xh2 44. Re7xb7 h6-h5 45. b5-b6 h5-h4 46. Rb7-h7 Kf5-g4 47. b6-b7 Rh2-b2 48. a4-a5 h4-h3 49. a5-a6 h3-h2 50. Rh7xh2 Rb2xh2  1-0

[Event "Suizo"]
[White "jmartinezga"]
[Black "arodriguez"]
[Date "2017.03.04"]
[Result "0-1"]
[WhiteElo "1835"]
[BlackElo "1880"]

1. e2-e4 c7-c5 2. Ng1-f3 d7-d6 3. c2-c3 Ng8-f6 4. Bf1-e2 Nb8-c6 5. O-O Nf6xe4 6. d2-d4 c5xd4 7. c3xd4 d6-d5 8. Rf1-e1 g7-g6 9. Nf3-e5 Bf8-g7 10. Ne5xc6 b7xc6 11. f2-f3 Ne4-f6 12. Bc1-g5 O-O 13. Nb1-c3 Ra8-b8 14. b2-b3 Bc8-f5 15. Ra1-c1 Nf6-d7 16. Be2-f1 Rf8-e8 17. Qd1-d2 Bg7-f6 18. Bg5xf6 Nd7xf6 19. Bf1-d3 Bf5xd3 20. Qd2xd3 e7-e6 21. Nc3-e2 Qd8-b6 22. Kg1-f1 Re8-c8 23. Ne2-c3 Qb6-a5 24. Nc3-a4 Nf6-d7 25. Qd3-d2 Qa5xd2  0-1

[Event "Suizo"]
[White "jcferrer"]
[Black "vpenaa"]
[Date "2017.03.04"]
[Result "0-1"]
[WhiteElo "1602"]
[BlackElo "1578"]

1. e2-e4 d7-d6 2. d2-d4 Ng8-f6 3. Nb1-c3 e7-e5 4. Ng1-f3 Nb8-d7 5. Bc1-g5 c7-c6 6. Bf1-c4 Bf8-e7 7. O-O Nd7-b6 8. Bc4-b3 e5xd4 9. Nf3xd4 O-O 10. Nd4-f5 Bc8xf5 11. e4xf5 Qd8-c7 12. Nc3-e2 Nf6-h5 13. Bg5xe7 Qc7xe7 14. Ne2-g3 Nh5xg3 15. f2xg3 Qe7-e3 16. Kg1-h1 d6-d5 17. c2-c3 Ra8-b8 18. Qd1-g4 Qe3-d2 19. Ra1-d1 Qd2xb2 20. f5-f6 g7-g6 21. Qg4-g5 Kg8-h8 22. Rf1-e1 Qb2xc3 23. Re1-e7 Nb6-c4 24. Qg5-h6 Qc3xf6 25. Rd1-e1 Nc4-d6 26. g3-g4 Qf6-f2 27. Qh6-g5 Nd6-e4 28. Qg5-e5 f7-f6 29. Qe5-e6 Qf2xe1  0-1

[Event "Suizo"]
[White "basoto"]
[Black "nrapetti"]
[Date "2017.03.04"]
[Result "1-0"]
[WhiteElo "1620"]
[BlackElo "1637"]

1. e2-e4 e7-e5 2. Ng1-f3 Nb8-c6 3. Nb1-c3 Ng8-f6 4. Bf1-c4 h7-h6 5. O-O Bf8-c5 6. d2-d3 O-O 7. h2-h3 a7-a6 8. Bc1-e3 Bc5xe3 9. f2xe3 d7-d6 10. Nc3-d5 Bc8-e6 11. Nd5xf6 Qd8xf6 12. Bc4-d5 Qf6-e7 13. Qd1-e1 f7-f5 14. Nf3-h4 f5-f4 15. Nh4-g6 Qe7-f7 16. Ng6xf8 Ra8xf8 17. e3xf4 Be6xd5 18. e4xd5 Qf7xd5 19. f4xe5 Nc6xe5 20. Rf1xf8 Kg8xf8 21. Qe1-f2 Kf8-g8 22. Ra1-f1 Ne5-g6 23. b2-b3 b7-b6 24. Qf2-f3 Qd5-c5 25. Qf3-f2 Qc5-d5 26. Rf1-e1 Ng6-e5 27. Qf2-h4 Qd5-f7 28. d3-d4 Ne5-g6 29. Qh4-d8 Kg8-h7 30. Re1-e8 Ng6-f4 31. Re8-f8 Nf4-e2 32. Kg1-h2 Qf7-e6 33. Qd8xc7 Ne2xd4 34. Rf8-f7 Qe6-e5 35. Kh2-h1 Qe5-e1 36. Kh1-h2 Qe1-e5 37. g2-g3 Qe5-e2 38. Kh2-g1 Nd4-f3 39. Rf7xf3 Qe2xf3 40. Qc7xd6 Qf3-d1 41. Qd6xd1  1-0

[Event "Suizo"]
[White "wvelandia"]
[Black "maperezi"]
[Date "2017.03.04"]
[Result "0-1"]
[WhiteElo "1577"]
[BlackElo "1555"]

1. Nb1-c3 e7-e5 2. Ng1-f3 Nb8-c6 3. d2-d4 e5xd4 4. Nf3xd4 Nc6xd4 5. Qd1xd4 Ng8-f6 6. Bc1-f4 d7-d6 7. Bf4-g5 h7-h6 8. Bg5-h4 Bf8-e7 9. e2-e3 Nf6-d7 10. Qd4xg7 Rh8-f8 11. Qg7xh6 Be7xh4 12. Bf1-c4 Bh4-e7 13. O-O c7-c6 14. Nc3-e4 d6-d5 15. Bc4xd5 c6xd5 16. Ne4-g3 b7-b6 17. a2-a3 Bc8-a6 18. Rf1-d1 Be7-h4 19. Ng3-f5 Bh4-f6 20. c2-c3 Rf8-h8 21. Qh6-f4 Bf6-e5 22. Qf4-a4 Ba6-c4 23. b2-b3 Rh8xh2 24. b3xc4 Rh2-h5 25. Nf5-g3 Be5xg3 26. f2xg3 Ke8-f8 27. c4xd5 Nd7-e5 28. Qa4-f4 Ne5-d7 29. d5-d6 Rh5-h6 30. Rd1-f1 Rh6-f6 31. Qf4-g5 Rf6xf1 32. Ra1xf1 Qd8xg5  0-1

[Event "Suizo"]
[White "oiglesias"]
[Black "cebravo"]
[Date "2017.03.04"]
[Result "0-1"]
[WhiteElo "1837"]
[BlackElo "1942"]

1. c2-c4 e7-e5 2. Nb1-c3 d7-d6 3. e2-e3 Ng8-f6 4. Bf1-e2 Bf8-e7 5. d2-d4 Bc8-f5 6. d4-d5 Nb8-d7 7. f2-f3 e5-e4 8. f3xe4 Nf6xe4 9. Nc3xe4 Bf5xe4 10. Ng1-f3 Be7-h4 11. g2-g3 Bh4-f6 12. O-O O-O 13. Be2-d3 Qd8-e7 14. Nf3-d4 Bf6-g5 15. h2-h4 Be4xd3 16. Qd1xd3 Nd7-c5 17. Qd3-e2 Bg5-f6 18. Nd4-f5 Qe7-e4 19. Bc1-d2 Qe4-c2 20. Nf5-h6 Kg8-h8 21. Nh6-g4 Bf6xb2 22. Ra1-e1 Nc5-d3 23. Re1-d1 Ra8-e8 24. Qe2-f3 Qc2xc4 25. h4-h5 f7-f5 26. Ng4-f2 Nd3-e5 27. Qf3-g2 Qc4xa2 28. Nf2-h3 Qa2-a4 29. Nh3-g5 c7-c5 30. Ng5-e6 Rf8-f7 31. Qg2-h3 Qa4-c2 32. Qh3-g2 b7-b5 33. h5-h6 g7xh6 34. Bd2-a5 Qc2xg2 35. Kg1xg2 Ne5-c4 36. Ba5-d2 Rf7-f6 37. Rf1-e1 Nc4xd2 38. Rd1xd2 Bb2-c3 39. Rd2-e2 Bc3xe1 40. Re2xe1 a7-a5 41. Ne6-c7 Re8-b8 42. Re1-a1 a5-a4 43. Nc7-e6 Rf6-f7 44. Kg2-f3 Kh8-g8 45. Kf3-f4 b5-b4 46. Ra1xa4 b4-b3 47. Ra4-a1 b3-b2 48. Ra1-b1 c5-c4 49. Ne6-d4 c4-c3 50. Nd4-c2 Rf7-g7 51. Nc2-d4 Rg7-g4 52. Kf4xf5 Rg4xd4 53. e3xd4 c3-c2 54. Rb1-e1 c2-c1=Q 55. Re1-e6 Qc1-f1 56. Kf5-g4 Qf1-d1 57. Kg4-f5 b2-b1=Q 58. Kf5-f6 Qb1-g6 59. Kf6-e7 Rb8-e8 60. Ke7xd6 Re8xe6 61. d5xe6 Qd1xd4 62. Kd6-c7 Qg6-g7 63. e6-e7 Qg7xe7 64. Kc7-c6 Qd4-d6 65. Kc6-b5 Qe7-e5 66. Kb5-c4 Qd6-d4 67. Kc4-b3 Qe5-e3 68. Kb3-c2 Qd4-d2 69. Kc2-b1 Qe3-e1  0-1

[Event "Suizo"]
[White "JLMOYA"]
[Black "smberczely"]
[Date "2017.03.04"]
[Result "1-0"]
[WhiteElo "1798"]
[BlackElo "1760"]

1. d2-d4 c7-c5 2. c2-c3 Ng8-f6 3. Ng1-f3 h7-h6 4. Bc1-f4 e7-e6 5. e2-e3 c5xd4 6. c3xd4 Qd8-a5 7. Nb1-c3 Bf8-b4 8. Nf3-d2 O-O 9. Qd1-c2 Nb8-c6 10. Bf1-d3 b7-b6 11. O-O Bc8-b7 12. a2-a3 Bb4-e7 13. b2-b4 Qa5-h5 14. h2-h3 Ra8-c8 15. Qc2-b2 Rf8-d8 16. Bd3-e2 Qh5-f5 17. Be2-f3 d7-d5 18. Ra1-c1 g7-g5 19. Bf4-h2 g5-g4 20. h3xg4 Nf6xg4 21. Bf3xg4 Qf5xg4 22. Nd2-f3 Kg8-h8 23. Bh2-e5 f7-f6 24. Be5-g3 Rd8-g8 25. Qb2-e2 Be7-d6 26. Nf3-h2 Qg4-g5 27. Nh2-f3 Qg5-g7 28. Nc3-b5 Bd6xg3 29. f2xg3 Qg7xg3 30. Qe2-f2 Qg3-g6 31. Nb5-d6 Rc8-b8 32. Nd6xb7 Rb8xb7 33. Rc1xc6 Rb7-g7 34. Nf3-h4 Qg6-e4 35. Qf2xf6 Qe4xe3 36. Kg1-h1 Qe3-g3 37. Rf1-g1 Kh8-h7 38. Rc6xe6 Rg8-f8 39. Qf6xh6  1-0

[Event "Suizo"]
[White "jyanguas"]
[Black "arodriguez"]
[Date "2017.03.04"]
[Result "0-1"]
[WhiteElo "1656"]
[BlackElo "1870"]

1. d2-d4 Ng8-f6 2. c2-c4 g7-g6 3. Nb1-c3 Bf8-g7 4. Ng1-f3 O-O 5. e2-e4 d7-d6 6. Bf1-d3 e7-e5 7. d4-d5 a7-a5 8. h2-h3 Nb8-a6 9. a2-a3 Na6-c5 10. O-O Nf6-e8 11. Bc1-g5 f7-f6 12. Bg5-e3 Nc5xd3 13. Qd1xd3 f6-f5 14. Be3-g5 Ne8-f6 15. b2-b4 h7-h6 16. Bg5xf6 Qd8xf6 17. Nc3-b5 Rf8-f7 18. Nb5-c3 f5-f4 19. Kg1-h2 g6-g5 20. g2-g3 g5-g4 21. Nf3-h4 g4xh3 22. Nh4-f5 Bc8xf5 23. e4xf5 Qf6-g5 24. Nc3-e4 Qg5xf5 25. Rf1-g1 h6-h5 26. Ra1-f1 Ra8-f8 27. f2-f3 Kg8-h8 28. g3-g4 h5xg4 29. f3xg4 Qf5-g6 30. Qd3xh3 Kh8-g8 31. Rf1-f3 Qg6xe4 32. g4-g5 Qe4-g6 33. Qh3-g4 e5-e4 34. Rf3-h3 f4-f3 35. Kh2-g3 e4-e3 36. Rg1-h1 Bg7-e5 37. Kg3-h4 Rf7-h7 38. Qg4-h5 Qg6xh5  0-1

[Event "Suizo"]
[White "dfunes"]
[Black "jmartinezga"]
[Date "2017.03.04"]
[Result "0-1"]
[WhiteElo "1673"]
[BlackElo "1844"]

1. e2-e4 c7-c5 2. Ng1-f3 Nb8-c6 3. Bf1-c4 d7-d6 4. c2-c3 e7-e6 5. d2-d4 c5xd4 6. c3xd4 Ng8-f6 7. Nb1-c3 Bf8-e7 8. O-O O-O 9. Bc4-b3 a7-a6 10. Bb3-c2 b7-b5 11. a2-a3 Bc8-b7 12. Bc1-g5 Ra8-c8 13. Bg5xf6 Be7xf6 14. Qd1-d3 g7-g6 15. Qd3-e3 b5-b4 16. Nc3-e2 Qd8-b6 17. Ra1-b1 a6-a5 18. Bc2-b3 Bb7-a6 19. Rf1-e1 Ba6xe2 20. Re1xe2 Bf6xd4 21. Nf3xd4 Qb6xd4 22. Qe3-f3 Nc6-e5 23. Qf3-g3 Qd4-d3 24. Qg3xd3 Ne5xd3 25. a3xb4 a5xb4 26. g2-g3 Nd3-c5 27. Re2-e3 Rc8-a8 28. Kg1-g2 Ra8-a5 29. f2-f3 Rf8-a8 30. Rb1-c1 Ra5-a1 31. Rc1-c2 Ra1-a5 32. f3-f4 Kg8-g7 33. Kg2-h3 Ra5-a1 34. Kh3-g2 Ra1-a5 35. h2-h4 h7-h6 36. Kg2-h2 g6-g5 37. h4xg5 h6xg5 38. f4-f5 Ra8-h8 39. Kh2-g2 e6-e5 40. Rc2-d2 Rh8-d8 41. g3-g4 Ra5-a1 42. Bb3-d5 f7-f6 43. b2-b3 Kg7-f8 44. Rd2-e2 Kf8-e7 45. Re2-e1 Ra1-a2 46. Re1-e2 Ra2xe2 47. Re3xe2 Rd8-h8 48. Re2-e1 Nc5-d3 49. Re1-a1 Rh8-h4 50. Ra1-a7 Ke7-d8 51. Kg2-g3 Nd3-f4 52. Bd5-e6 Rh4-h3 53. Kg3-f2 Nf4xe6 54. f5xe6 Rh3xb3 55. Ra7-d7 Kd8-e8 56. Rd7xd6 Rb3-b2 57. Kf2-e3 Rb2-g2 58. Ke3-f3 Rg2-c2 59. Rd6-b6 Rc2-c3 60. Kf3-e2 b4-b3 61. Rb6-b7 Rc3-c2 62. Ke2-d3 Rc2-g2 63. Rb7xb3 Rg2-g3 64. Kd3-c4 Rg3xb3 65. Kc4xb3 Ke8-e7 66. Kb3-c4 Ke7xe6 67. Kc4-d3 Ke6-d6 68. Kd3-c4 Kd6-c6 69. Kc4-c3 Kc6-c5 70. Kc3-d3 Kc5-b4 71. Kd3-e3 Kb4-c3 72. Ke3-f3 Kc3-d4 73. Kf3-e2 Kd4xe4 74. Ke2-f1 Ke4-f4 75. Kf1-f2 Kf4xg4 76. Kf2-g2 f6-f5 77. Kg2-g1 e5-e4 78. Kg1-g2 e4-e3 79. Kg2-g1 f5-f4 80. Kg1-g2 f4-f3 81. Kg2-g1 Kg4-g3 82. Kg1-h1 e3-e2  0-1

[Event "Suizo"]
[White "mserrano"]
[Black "wvelandia"]
[Date "2017.03.04"]
[Result "0-1"]
[WhiteElo "1582"]
[BlackElo "1591"]

1. e2-e4 d7-d5 2. d2-d3 Ng8-f6 3. Ng1-f3 d5xe4 4. d3xe4 Qd8xd1 5. Ke1xd1 Nf6xe4 6. Bc1-e3 e7-e6 7. Bf1-d3 Ne4-f6 8. Nf3-e5 Bf8-d6 9. Ne5-f3 O-O 10. a2-a3 a7-a6 11. b2-b4 b7-b5 12. Kd1-d2 Bc8-b7 13. Rh1-g1 Rf8-d8 14. h2-h3 Nf6-h5 15. Nf3-g5 Bb7-d5 16. Bd3xh7 Kg8-f8 17. Bh7-d3 Bd6-e5 18. Nb1-c3 Nb8-c6 19. Be3-c5 Nc6-e7 20. Ng5-h7 Kf8-e8 21. Rg1-e1 Be5-f4 22. Kd2-d1 Bd5xg2 23. Re1-e5 Bf4xe5 24. Nc3-e4 Be5xa1 25. Ne4-d6 c7xd6 26. Bc5xd6 Rd8xd6 27. Nh7-g5 Nh5-f4 28. Ng5-e4 Bg2xe4 29. Kd1-d2 Be4xd3 30. c2xd3 Rd6xd3 31. Kd2-c2 Ra8-c8 32. Kc2-b1 Rd3-d1 33. Kb1-a2 Nf4-d3 34. Ka2-b3 Ba1-b2  0-1